Projecte de regulació dels censos, rabassa morta i terratge, a Catalunya / Mancomunitat de Catalunya. Oficina d'Estudis Jurídics
Descripción Física:
XXIV, 50 f. ; 20'5 x 27'5 cm
MARC
| LEADER | 00000nam a2200000Ia 4500 | ||
|---|---|---|---|
| 001 | 9120 | ||
| 008 | 160829s1923 xx 000 0 cat d | ||
| 710 | 2 | |a Catalunya. |b Mancomunitat |9 53015 | |
| 856 | 4 | |u https://media.diba.cat/diba/fitxers/arxiu/mancomunitat/bib_9120_1923_web.pdf |y Accés lliure | |
| 952 | |0 0 |1 0 |4 0 |6 FOL1212 |7 1 |9 53456 |a Arxiu |b Arxiu |d 2016-12-01 |l 0 |o FOL-1-212 |p 9120 |r 2016-12-01 00:00:00 |w 2016-12-01 |y ARXIU | ||
| 999 | |c 57322 |d 57322 | ||
| 080 | |a FOL-1-212 | ||
| 100 | |a Catalunya. Mancomunitat. Oficina d'Estudis Jurídics |9 27010 | ||
| 245 | |a Projecte de regulació dels censos, rabassa morta i terratge, a Catalunya / Mancomunitat de Catalunya. Oficina d'Estudis Jurídics | ||
| 260 | |a Barcelona : |b (Imp. Casa Caritat), |c 1923 | ||
| 300 | |a XXIV, 50 f. ; |c 20'5 x 27'5 cm | ||
| 590 | |a Prové de 3784, exp. 7 | ||
| 650 | |a Agricultura |x Dret i legislació |x Catalunya |9 26904 | ||
| 901 | |a Arxiu | ||
| 942 | |n 1 |2 udc | ||